000 02493nam a22005657a 4500
003 UPN
005 20250822090057.0
008 220922s2016 mx|||||gr|||| 00| 0 spa d
020 _a9786070282560 (v.1)
020 _a978607028257 (v.2)
020 _a978607028259 (v.3)
020 _a9786070282553 (v.4)
020 _a9786070282584 (v.5)
020 _a9786070284090 (v.6)
020 _a978607028413 (v.7)
020 _a9786070284120 (v.8)
020 _a9786070284106 (v.9)
020 _a978607028411 (v.10)
040 _aMX-MxUPN
_bspa
_cMX-MxUPN
_eaacr2
050 4 _aAC75
_bC66 2016
245 0 0 _aCoordenadas 2050 :
_bcuadernos de la Coordinación de Humanidades
250 _aPrimera edición
260 _aMéxico :
_bUNAM, Coordinación de Humanidades ,
_c2016
300 _a10 volúmenes
490 0 _aCuadernos de la Coordinación de Humanidades ;
_v1-10
505 0 _tv.1 La interdependencia dialéctica entre las personas y la comunidad/
_rJuliana González.
505 0 _tv.2 De la revolución a la armonía : diario de un viaje de estudios a China /
_r Roger Bartra.
505 0 _tv.3 Visión panorámica del constitucionalismo en el siglo XX /
_rDiego Valadés.
505 0 _tv.4 En la senda de la profesionalización femenina : 1867-1929 /
_rMaría de Lourdes Alvarado.
505 0 _tv.5 Justicia distributiva y pobreza /
_rPaulette Dieterlen.
505 0 _tv.6 Ejercicio de arqueología literaria /
_rFernando Curiel.
505 0 _tv.7 El camino hacia Dios está sembrado de trampas o el mal de nuestro tiempo /
_rCarlos Martínez Assad.
505 0 _tv.8 Lenguas y gramáticas de Mesoamérica /
_rAscensión Hernández Triviño.
505 0 _tv.9 La marca indeleble de la cultura /
_rSara Sefchovich.
505 0 _tv.10 Flor y canto : otra forma de percibir la realidad /
_rMiguel León Portilla.
530 _aTambién disponible en línea.
650 7 _aIntegración social
_2
_97258
650 4 _945707
_aConstituciones
_zMéxico
650 4 _aMujeres
_zMéxico
_xCondiciones sociales
_917576
650 0 _aDistribución del ingreso
_925117
650 7 _aEditores y publicaciones
_zMéxico
_2
_96105
650 4 _aIndígenas de México
_xLenguas
_913865
650 4 _aCultura
_97095
650 4 _aIndígenas de México
_xPoesía
_946684
651 7 _aChina
_xDescripción y viajes
_2
_911848
856 4 0 _uhttps://lanmo.unam.mx/coordenadas2050/
902 _aVíctorGodínez/220922
942 _2lcc
_cFOLL
999 _c208866
_d208866